[Event "ZN-2013-0-02444"]
[Site "LSS email"]
[Date "2013.09.19"]
[Round "?"]
[White "Venturas, Bob"]
[Black "Ozturkmez, Turhan"]
[Result "1-0"]
[WhiteElo "731"]
[BlackElo "800"]
[PlyCount "25"]
[EventDate "2013.09.14"]
[EventType "match (corr)"]
[EventRounds "2"]
[EventCountry "GER"]
[SourceTitle "Corr 2015"]
[Source "ChessBase"]
[SourceDate "2015.07.17"]
[SourceVersion "1"]
[SourceVersionDate "2015.07.17"]
[SourceQuality "1"]

1. e4 e5 2. Bc4 Nf6 3. Nc3 Bc5 4. h3 d6 5. Nf3 Nc6 6. 0-0 0-0 7. d3 h6 8. a3 Re8 9. Nd5 Nxd5 10. Bxd5 Be6 11. Bxc6 bxc6 12. Be3 Bxe3 13. fxe3 1-0